Natural System For Waste Management And Treatment (Record no. 10071)

MARC details
000 -LEADER
fixed length control field 00473nam a2200169Ia 4500
008 - FIXED-LENGTH DATA ELEMENTS--GENERAL INFORMATION
fixed length control field 220803s9999 xx 000 0 und d
020 ## - INTERNATIONAL STANDARD BOOK NUMBER
International Standard Book Number 0-07-051521-2
041 ## - LANGUAGE CODE
Language code of text/sound track or separate title eng
082 ## - DEWEY DECIMAL CLASSIFICATION NUMBER
Classification number 720.47 SHA/MID
100 ## - MAIN ENTRY--PERSONAL NAME
Personal name Middlebrooks E J
9 (RLIN) 12666
245 ## - TITLE STATEMENT
Title Natural System For Waste Management And Treatment
260 ## - PUBLICATION, DISTRIBUTION, ETC. (IMPRINT)
Place of publication, distribution, etc. New York
Name of publisher, distributor, etc. McGraw Hill
Date of publication, distribution, etc. 1988
300 ## - PHYSICAL DESCRIPTION
Extent 308p
500 ## - GENERAL NOTE
Keywords Architecture
650 ## - SUBJECT ADDED ENTRY--TOPICAL TERM
Topical term or geographic name as entry element Environmental Architecture
9 (RLIN) 12667
700 ## - ADDED ENTRY--PERSONAL NAME
Personal name Sharwood R
9 (RLIN) 12668
Holdings
Withdrawn status Lost status Damaged status Not for loan Collection code Home library Current library Shelving location Date acquired Vendor Cost, normal purchase price Full call number Barcode Date last seen Cost, replacement price Bill Date Koha item type Original Barcode
        Book of B Arch Dr. Bhanuben Nanavati College of Architecture Dr. Bhanuben Nanavati College of Architecture   11/04/1997 Pradip Book Depot 1515.00 628.4 SHA/MID BNCA-BK-1896 03/08/2022 1782.00 02/04/1997 Reference book B001896